000 004860000a22001810004500
020 _a0-8024-1392-7
041 0 _aENG
082 0 4 _aG 296.437 R8131c
100 1 _aRosen, Ceil
245 1 0 _aChrist in the passover : Whi is this night different? / Ceil and Moishe Rosen
260 _aChicago, ILL., USA : Moody
300 _a112 Pag
001 8954
942 _cBK
999 _c39047
_d39047
336 _atexto
_btxt
_2rdacontent
337 _2rdamedia
_asin mediación
_bn
338 _2rdacarrier
_avolumen
_bnc